00563 a2200145 4500003000500000005001700005040000900022082001500031100002500046245006900071256000900140260003800149505022000187650001000407Nust20230529101108.0 cNust a808.83,HEA aHeath F.R.G,Wedgwood aSome Stories of Wonder and AdventurecM.V.Wedgwood Heath F R G.S a1933 a LahorebUttar Chand Kapur & Sons aFrederick Marryat (Page-1), Wilkes Collins (Page-46), R. L. Stevenson (Page-46), Canone Doyle (Page-71), Anthony Hope (Page-109), Arnold Bennett (Page-151), G. K. Chesterton (Page-176), Raphael Sabatini (Page-202).  aNovel